| 000 | 00834nam a22002297a 4500 | ||
|---|---|---|---|
| 999 |
_c11604 _d11604 |
||
| 003 | AR-CdUCM | ||
| 008 | 190404b ||||| |||| 00| 0 spa d | ||
| 040 |
_aMUNICIPALIDAD PROVINCIAL DEL CUSCO _cBIBLIOTECA MUNICIPAL DEL CUSCO |
||
| 082 |
_a150 / _bB53 / 1899 |
||
| 100 |
_aBinet, Alfredo _929050 |
||
| 245 | _aIntroducción a la Psicología experimental / | ||
| 260 |
_aMadrid : _bAteneo, _c1899. |
||
| 300 |
_a168 paginas ; _c18 cm. |
||
| 505 | _aContenido :Los laboratorios de psicología -- Los métodos psicológicos -- Sensaciones, percepciones, atención -- Los movimientos -- La memoria... | ||
| 650 |
_aPsicología _91538 |
||
| 650 |
_aPsicometria _916481 |
||
| 650 |
_aObservación _929051 |
||
| 700 |
_aCourtier, Philippe _929052 |
||
| 700 |
_aV. Henry _929053 |
||
| 942 |
_2ddc _cLIBROS |
||
| 945 |
_awnts _d2019-04-04 |
||